[Event "RUS-Cup01 Chigorin Memorial"]
[Site "St Petersburg"]
[Date "1997.11.01"]
[Round "1"]
[White "Ivanov, Sergey"]
[Black "Ignatiev, Alexander"]
[Result "1-0"]
[WhiteElo "2530"]
[BlackElo "2320"]
[Annotator "Tsesarsky,I"]
[PlyCount "53"]
[EventDate "1997.11.01"]
[EventType "swiss"]
[EventRounds "9"]
[EventCountry "RUS"]
[SourceTitle "CBM 062"]
[Source "ChessBase"]
[SourceDate "1998.01.31"]
[SourceVersion "1"]
[SourceVersionDate "1998.01.31"]
[SourceQuality "1"]

1. d4 d5 2. c4 e6 3. Nc3 Nf6 4. cxd5 exd5 5. Bg5 Be7 6. e3 O-O 7. Bd3 Nbd7 8.
Nge2 c6 9. Qc2 Re8 10. O-O h6 11. Bf4 Nf8 12. f3 (12. h3 Ne6 (12... Bd6 13.
Bxd6 (13. a3 Bxf4 14. Nxf4 Ne6 15. Nxe6 Rxe6 (15... Bxe6 16. b4 $14) 16. b4 a6
17. a4 g5 18. b5 g4 19. Bf5 Rd6 20. Rfc1 (20. hxg4 Nxg4 21. bxa6 Rxa6 22. Bxc8
Qxc8 23. Rfb1 Qd7 (23... Rg6 24. Nxd5 $1 $16) 24. Ne2 $132) 20... gxh3 $15 (
20... Qe8 21. Rab1 (21. bxa6 $11) 21... axb5 22. axb5 gxh3 23. gxh3 Kh8 $132 {
1-0 Amura-Chaves,J/Gambito da Dama 1993 (60)})) 13... Qxd6 14. Rad1 Ne6 15. Ng3
Ng5 16. h4 Ne6 17. Bf5 Nc7 $11 (17... g6 $4 18. Bxg6 $18 fxg6 19. Qxg6+ Ng7 20.
Nh5 Nfxh5 21. Qxd6 {1-0 Carvalho,G-Martinez,M/Montevideo op 1994/EXT 94op}))
13. Bh2 (13. Be5 Ng5 (13... Bd6 14. f4 Nf8 15. Rf3 Be7 16. g4 Ne4 17. f5 Nxc3 (
17... Ng5 18. Rg3 $132) 18. bxc3 Nd7 19. Bf4 Bg5 20. Raf1 (20. e4 $5) 20... a5
(20... c5 $11) 21. Kg2 b6 $132 {0-1 Reilly,T-Steffensen,N/Canberra 1994 (55)})
14. Rab1 Bd6 15. f4 (15. Bxd6 Qxd6 16. b4 $14) 15... Nge4 16. Bxe4 Nxe4 17.
Nxe4 dxe4 18. Bxd6 Qxd6 19. f5 b6 $11 {- Evans,L-Robatsch,K/Capablanca mem
1964/MCD-r6 (56)}) 13... Bd6 14. Rab1 Ng5 15. Bxd6 Qxd6 16. Nf4 $132 (16. Ng3
$2 Rxe3 17. fxe3 Qxg3 $17 {0-1 Kozma,J-Sefc,J/CSR-ch 1954/MCD-ch (49)})) (12.
Rab1 Nh5 (12... Bd6 13. b4 Ne6 14. Bg3 Qe7 15. Qb3 b5 16. a4 a6 17. Rfe1 (17.
Rfc1 Bb7 18. Bxd6 (18. e4 $2 Bxg3 19. hxg3 dxe4 20. Nxe4 Nxe4 21. Bxe4 Nxd4 $17
) 18... Qxd6 19. Ng3 g6 20. a5 (20. axb5 axb5 $11) (20. Ra1 Nd7 21. Rc2 Nb6 22.
Rca2 Nc4 $11) 20... Re7 21. Qc2 Kg7 22. Re1 $132) 17... Ng5 18. Bxd6 Qxd6 19.
Ra1 Bb7 (19... Nd7 20. axb5 $18) (19... Bd7 20. Ng3 h5 21. h4 Nge4 22. Bxe4
dxe4 23. axb5 cxb5 24. Rec1 $14 {- Panno,O-Pedersen,E/Moscow olm 1956/MCD-ol 
(33)}) 20. Ng3 g6 21. Rec1 Nd7 22. axb5 axb5 23. Rxa8 Rxa8 24. e4 dxe4 25.
Ngxe4 Nxe4 26. Bxe4 Ra7 (26... Qxd4 27. Rd1 $18) 27. Rd1 $14) (12... a5 13. a3
Ne6 14. Bg3 Nh5 15. b4 Bf8 16. Be5 Nf6 17. Na4 Nd7 18. Bg3 b5 19. Qxc6 Ra6 20.
Qxb5 axb4 21. axb4 Ra7 22. Nc5 Ra3 23. Bc2 Nexc5 24. bxc5 Ba6 25. Qb2 {1-0 Toh,
T-Lozada,G/Moscow olm SIN-VEN 1994}) (12... Ne6 13. Bg3 Ng5 (13... Bd6 14. b4 (
14. Rfc1 Qe7 15. Bxd6 Qxd6 16. Ng3 Ng5 17. b4 a6 18. Na4 $14 {1-0 Benko,
P-Peretz,M/Netanya 1969 (40)}) 14... Ng5 15. b5 Bxg3 16. Nxg3 Bd7 17. bxc6 Bxc6
18. Bb5 Bxb5 (18... Qd7 19. Bd3 $14) 19. Rxb5 b6 20. Qb3 $14 {0-1 Benko,
P-Nikolic,S/Sarajevo 1967 (61)}) 14. b4 a6 15. Na4 Nge4 16. Nc5 Nxg3 17. Nxg3
Bd6 18. Bf5 Bxg3 19. hxg3 Bxf5 20. Qxf5 b6 21. Nd3 $14 {1-0 Kottnauer,C-Aitken,
J/Tel Aviv ol 1964 (69)}) 13. Be5 Bd6 14. Bxd6 Qxd6 15. b4 Nf6 16. h3 Ne6 17.
Rfc1 $14 (17. f4 $6 Nf8 18. Rf3 Bd7 19. a4 Re7 20. a5 Rae8 21. Qd2 Ng6 $132 {
- Giorgadze,G-Kalinin,M/Cuxhaven op 1993/EXT 93op (29)})) (12. a3 Ne6 (12... a5
13. Bg3 Ne6 14. Rfc1 Bd6 15. Rab1 c5 $4 (15... Bf8 $132) (15... Ng5 16. Bxd6
Qxd6 17. Nf4 $14) 16. Bxd6 (16. dxc5 Nxc5 17. Bb5 $16 {1/2-1/2 Walton,J-Gillen,
A/EU-chJM U16 Szombathely 1993 (40)}) 16... Qxd6 17. Nb5 $18) 13. Be5 Bd6 14.
f4 (14. Bxd6 Qxd6 15. Ng3 $132) 14... Ng4 15. Qd2 Qh4 16. h3 Nxe5 17. fxe5 Be7
18. Nf4 Bg5 $5 (18... Nf8 $6 19. e4 $1 $132 (19. Rf3 f6 $15 {0-1 Hurelbaatar,
C-Przewoznik,J/Gdynia Dreszer op 1989 (29)})) 19. Nce2 Bd8 $1 $15) 12... Ne6
13. Be5 c5 $2 (13... Bd6 14. Bxd6 Qxd6 $11) 14. Rad1 $14 c4 (14... b6 15. Bxf6
Bxf6 16. dxc5 Nxc5 17. Bh7+ Kh8 18. b4 Na6 19. Nxd5 $16) 15. Bf5 Nf8 $6 (15...
a6 16. e4 dxe4 17. fxe4 b5 18. Ng3 $14) 16. Nf4 $16 Be6 (16... Bxf5 17. Qxf5
$16) 17. Nxe6 fxe6 18. Bh3 N6d7 (18... Qb6 19. e4 N8d7 20. Bg3 Bb4 21. exd5
Bxc3 22. bxc3 (22. dxe6 Bxd4+ 23. Rxd4 Qxd4+ 24. Bf2 Qd3 25. Qxd3 cxd3 26. exd7
Re7 27. Bc5 Rf7 (27... Rxd7 28. Bxd7 Nxd7 29. Bd4 Nb8 30. Rd1 Nc6 31. Bc3 Rd8
32. Kf2 $14) (27... Re5 28. Bd4 Re7 29. Bxf6 gxf6 30. Rd1 (30. Rc1 Kf7 31. Rc8
Rxd7 $19) 30... Rd8 31. Rxd3 Re2 32. Rb3 $14) 28. Be6 $14) 22... exd5 23. Rfe1
$16) 19. f4 $6 (19. Bg3 Qa5 20. e4 $16) 19... Nxe5 $4 (19... Qb6 $14) 20. fxe5
$18 Bg5 (20... Qa5 21. e4 (21. Rxf8+ $5 Bxf8 22. Qg6 Qb6 23. Ne2 Re7 24. Nf4
Rae8 25. Nh5 Kh8 26. Nf6 gxf6 27. exf6 e5 28. Bf5 exd4 29. Rxd4 Rc7 30. Qxe8
Qxf6 31. Rxd5 c3 32. bxc3 Rxc3 33. h3 $16) 21... Rad8 22. Qf2 $16 (22. Rxf8+ $1
Bxf8 23. exd5 exd5 24. Qg6 Qb6 25. e6 Bc5 (25... Qxb2 26. Nxd5 $18) 26. dxc5
Qxc5+ 27. Kh1 $18)) 21. Rf3 Qe7 22. e4 Rad8 (22... Red8 23. exd5 exd5 24. Rdf1
$16) 23. exd5 exd5 24. Rdf1 Ne6 (24... Nh7 25. Bf5 $18) 25. Qf2 (25. Ne2 $16)
25... Qd7 26. Bf5 $1 Re7 $2 (26... a6 27. Bb1 Be7 28. Qc2 Ng5 29. h4 Ne4 30.
Re3 Rf8 31. Rxf8+ Bxf8 32. Nxd5 $18) 27. h4 1-0

[Event "Jakarta"]
[Site "Jakarta"]
[Date "1996.??.??"]
[Round "?"]
[White "Hodgson, Julian M"]
[Black "Barus, Cerdas"]
[Result "1-0"]
[WhiteElo "2550"]
[BlackElo "2410"]
[Annotator "Tsesarsky,I"]
[PlyCount "87"]
[EventDate "1996.08.28"]
[EventType "tourn"]
[EventRounds "11"]
[EventCountry "INA"]
[EventCategory "10"]
[SourceTitle "CBM 057"]
[Source "ChessBase"]
[SourceDate "1997.04.01"]
[SourceVersion "1"]
[SourceVersionDate "1997.04.01"]
[SourceQuality "1"]

1. c4 e6 2. Nc3 d5 3. d4 Nf6 4. cxd5 exd5 5. Bg5 c6 6. e3 Be7 7. Bd3 Nbd7 8.
Nge2 O-O 9. Qc2 Re8 10. O-O Nf8 11. Rab1 Be6 (11... a5 $5) 12. b4 Rc8 (12... a6
13. Na4 (13. a4 $14) 13... N6d7 14. Bxe7 (14. Bf4) 14... Qxe7 15. Nc5 (15. Rfc1
$5 $14) 15... Nxc5 $5 16. bxc5 (16. Qxc5 $14) 16... Rad8 17. Rb2 (17. Bf5 $5)
17... g6 18. Rfb1 $14 {Portisch,L-Yusupov,A/Bugojno 1986/0-1 (53)}) (12... N6d7
$5 13. Bxe7 Qxe7 14. b5 $14) 13. a4 $14 a6 (13... Ng6 14. Nf4 Qd6 15. Nxe6 fxe6
16. Bxg6 hxg6 17. Qxg6 $16 {1-0 Zsinka,L-Janik,S/Balatonbereny op 1994 (36)})
14. a5 Ng4 $146 (14... Nh5 15. Bxe7 Qxe7 16. f3 g6 17. e4 Ng7 18. Qd2 Rcd8 19.
e5 f6 20. f4 Nd7 21. Na4 Rf8 22. Rbc1 Rf7 23. Nc5 Nxc5 24. bxc5 $14 {0-1
Gutman,L-Hjartarson,J/Bad Woerishofen 1991 (42)}) 15. Bf4 Bd6 16. h3 Nf6 (16...
Bxf4 $142 17. Nxf4 Nf6 $14) 17. Bg5 $5 Rc7 (17... Be7 $5) 18. f3 h6 19. Bh4 Be7
20. Bf2 (20. e4 $6 dxe4 (20... Rd7 $2 21. e5 N6h7 22. Bxe7 Rdxe7 23. f4 Bc8 24.
f5 $16) 21. fxe4 Rd7 $132) 20... N6h7 21. Kh1 Ng5 22. Bg3 $1 (22. f4 Ngh7 23.
f5 Bc8 24. e4 (24. Bg3 Rd7 (24... Bd6 25. Bxd6 Qxd6 26. e4 {- The Game}) 25. e4
dxe4 26. Nxe4 Ng5 $1 $15) 24... dxe4 25. Bxe4 (25. Nxe4 $2 Bxf5) 25... Nf6 26.
Bf3 Bd6 $132) 22... Bd6 (22... Rd7 $2 23. f4 $18) (22... Rc8 $2 23. f4 Ngh7 24.
f5 Bd7 25. e4 dxe4 26. Nxe4 Nf6 27. Nc5 Bxc5 28. bxc5 Qxa5 29. Rxb7 Nd5 30.
Rfb1 $16) 23. Bxd6 Qxd6 24. f4 Ngh7 (24... Ne4 25. Bxe4 dxe4 26. Nxe4 $16) 25.
f5 (25. e4 dxe4 26. Nxe4 Qd8 27. f5 Bd5 28. N4c3 Nf6 29. Nf4 Rd7 30. Rfe1 Rde7
$11) 25... Bc8 26. e4 dxe4 $8 27. Nxe4 Qd8 (27... Qe7 28. f6 Nxf6 29. Nxf6+
gxf6 30. Ng3 $40) 28. f6 Rxe4 (28... Nxf6 29. Nxf6+ gxf6 30. Rf3 $40) 29. fxg7
(29. Bxe4 Nxf6 30. Bf3 Ne6 31. Rbd1 Rd7 32. Qc3 Ng5 $132) 29... Re3 30. gxf8=Q+
Nxf8 31. Nf4 $6 (31. Rf4 Rce7 32. Rbf1 Qd6 33. Qd2 $132) 31... Qxd4 32. Rbd1
Qe5 (32... Rd7 33. Bh7+ Nxh7 34. Rxd4 Rxd4 35. Qf2 $14) 33. Bc4 {[%csl Rf7]}
Bf5 $2 (33... Be6 $1 34. Nxe6 (34. Bxe6 Nxe6 35. Nxe6 Qxe6 36. Rd8+ Kg7 37. Rf4
Re1+ 38. Kh2 Qe5 39. Qf2 Re3 40. Qh4 Re7 41. Qg4+ Qg5 $17) 34... Nxe6 35. Rf5
Qe4 36. Qxe4 (36. Qf2 Rxh3+ 37. Kg1 Rc3 38. Bxe6 Qxe6 39. Rf6 Qe3 $19) 36...
Rxe4 37. Rc1 $17) 34. Qf2 $132 Rd7 35. Rxd7 Nxd7 36. Ne2 $5 (36. Ng6 Qe4 (36...
Bxg6 37. Bxf7+ Bxf7 38. Qxf7+ Kh8 39. Qxd7 Qe7 $11) 37. Qxf5 (37. Ne7+ Qxe7 38.
Qxf5 Ne5 39. Bxf7+ Nxf7 40. Qg6+ Kh8 41. Qxf7 $11 (41. Rxf7 Re1+ 42. Kh2 Qe5+
43. Qg3 Rh1+ $19)) 37... Qxc4 38. Kh2 Qe6 39. Qxe6 Rxe6 40. Rd1 Nf6 41. Nh4 Nd5
$17) 36... Be6 $2 (36... Kh8 $1 37. Qxf5 Qxf5 38. Rxf5 Ne5 39. Rxe5 Rxe5 $11)
37. Bxe6 Qxe6 38. Nd4 $1 $16 Qe8 $2 (38... Qc4 39. Nf5 Re6 40. Rd1 $16) 39. Nf5
$18 {[%csl Rf7,Rg8,Rh6]} Re6 (39... Rd3 40. Qh4 $18) 40. Qg3+ Rg6 $8 41. Re1 $1
(41. Nxh6+ Kh7 42. Ng4 $16) 41... Qf8 42. Ne7+ Kg7 (42... Qxe7 43. Qxg6+ fxg6
44. Rxe7 $18) 43. Nxg6 fxg6 44. Qc7 1-0

[Event "Jakarta"]
[Site "Jakarta"]
[Date "1996.??.??"]
[Round "?"]
[White "Barus, Cerdas"]
[Black "Handoko, Edhi"]
[Result "1/2-1/2"]
[WhiteElo "2410"]
[BlackElo "2475"]
[Annotator "Tsesarsky,I"]
[PlyCount "71"]
[EventDate "1996.08.28"]
[EventType "tourn"]
[EventRounds "11"]
[EventCountry "INA"]
[EventCategory "10"]
[SourceTitle "CBM 057"]
[Source "ChessBase"]
[SourceDate "1997.04.01"]
[SourceVersion "1"]
[SourceVersionDate "1997.04.01"]
[SourceQuality "1"]

1. d4 d5 2. Nf3 Nf6 3. c4 c6 4. Nc3 e6 5. Bg5 Nbd7 6. cxd5 exd5 7. Qc2 (7. e3
$5 Be7 8. Bd3 Nh5 9. Bxe7 Qxe7 10. O-O {Theory}) 7... Be7 8. e3 Nh5 $5 9. Bxe7
(9. h4 $5 Nb6 10. Bd3 h6 11. Bxe7 Qxe7 12. Ne5 $14 {Babula,V-Georgiev,V/
Odorheiu Secuiesc zt 1995/1-0 (50)}) 9... Qxe7 10. Rb1 $6 (10. Bd3 Nf4 11.
O-O-O Nxd3+ 12. Rxd3 (12. Qxd3 O-O 13. g4 Nf6 14. h3 Ne4 15. Rh2 Re8 16. Ne5 f6
17. Nf3 b6 18. Nh4 Nd6 $132) 12... Nf6 13. Rdd1 Bg4 $11) (10. Be2 $142 O-O 11.
O-O g6 12. Bd3 $14) (10. O-O-O $5 $132 Nb6 (10... Ndf6 11. Ne5 Ng4 12. Nd3 f5
13. g3 O-O 14. Bg2 Be6 15. Kb1 $14 {1-0 Gheorghiu,F-Preissmann,E/Bagneux op
1983 (34)}) (10... g6 $6 11. g4 $1 Nhf6 12. Rg1 O-O 13. Bd3 Re8 14. h3 $14 {
Portisch,L-Andersson,U/Reggio 1987/1-0 (53)}) 11. Bd3 Bg4 (11... Be6 12. Kb1 g6
13. Rc1 Ng7 14. Rhe1 {Tempo!} (14. h3 O-O 15. g4 $14 {Tsesarsky}) 14... O-O 15.
h3 a5 16. g4 a4 $132 {1/2-1/2 Nikolic,P-Greenfeld,A/Vidmar-mem 1989 (38)}) 12.
Kb1 Bxf3 13. gxf3 O-O-O 14. h4 Kb8 15. Rdg1 g6 16. f4 c5 17. dxc5 Qxc5 18. Nb5
Qxc2+ 19. Bxc2 d4 20. Nxd4 Nxf4 21. Rd1 Nh5 22. Bb3 $14 {1-0 Varga,P-Lazovic,G/
Zalakaros op 1995 (35)}) 10... g6 11. Be2 Nb6 (11... Ndf6 12. Ne5 Bf5 13. Bd3
Bxd3 14. Nxd3 Ne4 15. O-O O-O 16. b4 a6 17. a4 Nhf6 18. Nc5 Nxc3 19. Qxc3 Ne4
20. Nxe4 Qxe4 21. Rfc1 (21. b5 cxb5 22. axb5 Rfc8 23. Qa5 $14 {Tsesarsky})
21... f5 22. b5 $6 (22. g3 g5 23. b5 axb5 24. axb5 f4 25. bxc6 bxc6 26. exf4
gxf4 27. Re1 $16 {Tsesarsky}) 22... axb5 23. axb5 f4 24. bxc6 bxc6 {1/2-1/2
Chernin,A-Smyslov,V/Sochi 1986}) 12. O-O Bf5 $5 $11 13. Bd3 Bxd3 14. Qxd3 O-O
$6 (14... a5 $1 15. a3 $140 (15. b3 O-O $11) 15... a4 16. b3 axb3 17. Rxb3 Nc4
18. Rfb1 Nd6 19. Ne5 O-O $11) 15. Rfe1 $6 (15. b4 {The Nh5 too far from the
center and the queen side} a6 16. a4 a5 17. b5 Nc4 18. Nd2 Nd6 (18... Nxd2 19.
Qxd2 $16 {[%csl Rc6][%cal Gb1b8,Gf1c1]}) 19. bxc6 bxc6 20. Ne2 $14 (20. Rb6 Qc7
21. Rfb1 Rfb8 22. Rxb8+ Rxb8 23. Rxb8+ Qxb8 24. g4 Nf6 $11)) 15... Rfe8 (15...
a5 $5) 16. Qc2 (16. b4 $5) 16... Nf6 17. b3 (17. b4 Ne4 18. b5 Rac8 {[%cal
Gc8c2]} 19. Nxe4 (19. Qb3 Nxc3 20. Qxc3 c5 $5 (20... cxb5 21. Qa5 Nc4 22. Qxa7
(22. Qxb5 Na3) 22... Ra8 23. Qc5 Qxc5 24. dxc5 Rxa2 25. Rxb5 Re7 26. h3 $14 {
[%csl Rb7,Rd5]}) 21. Qa3 cxd4 22. Qxe7 Rxe7 23. Nxd4 Rec7 $11) 19... dxe4 20.
Ne5 cxb5 (20... c5 $15) 21. Qb3 a6 $17) 17... Rac8 $11 18. Rec1 (18. Nd2 c5)
18... a6 19. Qb2 (19. Qd3 Ne4 $11) 19... Nbd7 20. h3 Ne4 {[%cal Ge4d6]} 21. a4
Nd6 (21... a5 $5 22. Nxe4 dxe4 23. Nd2 c5 $1 (23... Nb6 $2 24. Rc5 Ra8 25. Nc4
Nd5 (25... Nxc4 26. bxc4 $16) (25... Qc7 26. Rxa5 Rxa5 27. Nxa5 Nxa4 28. bxa4
Qxa5 29. Qxb7 Qxa4 30. Qd7 Ra8 31. Rc1 $16) 26. Rxa5 Rxa5 27. Nxa5 $16) 24. Nc4
b6 25. d5 Rcd8 26. d6 Qg5 27. Rd1 Ne5 28. Nxb6 Nd3 29. Qc3 Rxd6 30. Nc4 Qf6 31.
Qc2 Ra6 32. Nb2 Nxb2 33. Rxb2 Rd6 34. Rbb1 Rxd1+ 35. Rxd1 Qe6 $11 {[%csl Rb3,
Rc5][%cal Ge8b8]}) 22. Ne2 Qf6 (22... a5 $11 23. Nf4 b6 24. Rc2 Ne4 25. Rbc1
Qd6 $132) 23. Nf4 Qf5 24. Qc2 Qxc2 25. Rxc2 f6 (25... Re7 26. Rbc1 {[%csl Rd5]}
Rce8 27. Kf1 Ne4 28. b4 g5 29. Nd3 h5 30. b5 axb5 31. axb5 cxb5 32. Rb1 g4 33.
hxg4 hxg4 34. Nfe5 g3 35. Nxd7 Rxd7 36. Rxb5 (36. f3 $2 Nd6 37. Ne5 Rde7 38.
Rc5 Nc4 39. Re1 (39. Nxc4 bxc4 40. Rxd5 Rxe3 41. Rg5+ (41. Rc5 Re2 42. Rxc4
Rf2+ 43. Kg1 Ree2 $19) 41... Kf8 42. Rxg3 c3 $17) 39... Nxe5 40. dxe5 Rxe5 41.
Rxb5 $15) 36... gxf2 $11) 26. Rbc1 Kf7 27. Nd3 Ra8 (27... Ne4) (27... a5) 28.
Nc5 Re7 29. g4 (29. Kf1 $11) 29... g5 30. Kg2 Kg8 31. Rg1 Nf8 32. Rcc1 Ng6 33.
Rh1 Ne4 34. b4 Nd6 35. Kf1 Nf8 36. Kg2 (36. Kg2 a5 $5 37. bxa5 Rxa5 38. Nd2 {
[%csl Rc4]} Nd7 39. Ndb3 Ra8 40. Nxd7 Rxd7 41. Nc5 Re7 42. Rb1 Ra7 $11) 1/2-1/2

[Event "POL-ch 54th"]
[Site "Sopot"]
[Date "1997.??.??"]
[Round "14"]
[White "Myc, Marcin"]
[Black "Murdzia, Piotr"]
[Result "0-1"]
[WhiteElo "2335"]
[BlackElo "2425"]
[Annotator "Tsesarsky,I"]
[PlyCount "74"]
[EventDate "1997.03.18"]
[EventType "tourn"]
[EventRounds "15"]
[EventCountry "POL"]
[EventCategory "9"]
[SourceTitle "CBM 059"]
[Source "ChessBase"]
[SourceDate "1997.08.01"]
[SourceVersion "1"]
[SourceVersionDate "1997.08.01"]
[SourceQuality "1"]

1. d4 Nf6 (1... d5 2. Nf3 e6 3. Bg5 Be7 4. Bxe7 Qxe7 5. Nbd2 Nf6 6. e3 Nbd7 7.
c4 O-O 8. cxd5 exd5 9. Bd3 Re8 10. O-O c6 11. Nb1 Nf8 12. Qc2 Bg4 13. Ne5 Bh5
14. Nc3 Ng4 15. Nxg4 Bxg4 16. Rae1 Rad8 17. Ne2 Bxe2 18. Rxe2 g6 19. Rb1 Ne6
20. b4 a6 21. a4 Rc8 22. Qb3 Qg5 23. Rc2 f5 24. f4 (24. b5 axb5 25. axb5 f4 26.
bxc6 Rxc6 (26... fxe3 27. cxb7 Rb8 28. Qc3 Rf8 29. Rbb2 exf2+ (29... Nf4 30.
fxe3 Nxg2 31. Rxg2 Qxe3+ 32. Rgf2 Rxb7 33. Qd2 Rxb2 34. Qxe3 Rfxf2 35. Qxf2 $18
) 30. Rxf2 Rxf2 31. Rxf2 Rxb7 32. Qc8+ Nd8 33. Re2 Rf7 $11)) 24... Qd8 25. Be2
Qd6 26. Rd2 {Petrosian,T-Konstantinopolsky/ 1947/1/2-1/2 (41)}) 2. c4 e6 3. Nc3
d5 4. cxd5 exd5 5. Bg5 c6 6. Qc2 Be7 7. e3 O-O 8. Bd3 Nbd7 9. Nf3 Re8 10. O-O
Nf8 11. Ne5 Ng4 12. Bxe7 Qxe7 13. Nxg4 Bxg4 14. Rae1 Bh5 (14... Rad8 15. f4 Bc8
16. a3 (16. f5 Nd7 17. a3 (17. Qf2 Nf6 18. Qh4 c5 19. Re2 b6 20. a3 {1/2-1/2
Kharitonov,A-Nenashev,A/Barnaul URS sf 1984}) 17... Nf6 18. Qf2 a6 19. Qf4 c5
20. Re2 b5 21. dxc5 Qxc5 22. Qd4 Qe7 {1/2-1/2 Vaisser,A-Pigusov,E/Novosibirsk
1993}) 16... Qd6 17. b4 Re7 18. Qf2 Rde8 (18... Nd7 19. e4 Rde8 (19... dxe4 20.
Nxe4 Qc7 21. f5 $1 (21. d5 $2 cxd5 22. Ng5 Nf6 23. Nxh7 $1 Ne4 (23... Nxh7 24.
Bxh7+ $16) 24. Bxe4 Rxe4 25. Rxe4 dxe4 26. Ng5 Bf5 27. Qxa7 f6 28. Nh3 Bxh3 29.
gxh3 Rd3 $15) 21... Ree8 (21... Ne5 22. Bc2 Ng4 23. Qh4 $16) 22. f6 g6 $8 23.
Qh4 h5 $8 24. Qg5 Nf8 (24... Kh7 25. Ng3 Rxe1 26. Rxe1 $18) 25. Qh6 Ne6 26. Ng5
$18) 20. e5 $16) 19. f5 f6 20. Re2 a5 21. Rb1 Kh8 22. g4 Nd7 23. Qf4 Qxf4 24.
exf4 Rxe2 25. Nxe2 axb4 26. axb4 g6 27. Ng3 Kg7 28. Kf2 Nb8 29. h4 Kf7 30. g5
gxf5 31. Nxf5 $16 {1-0 Beim,V-Hoeksema,E/Leeuwarden op 1994 (38)}) 15. f4 Rac8
16. Qf2 (16. f5 f6 17. e4 dxe4 18. Bxe4 Qd6 19. d5 Rcd8 20. dxc6 bxc6 $11) (16.
a3 $1 $14) 16... f6 (16... Rcd8) 17. f5 $5 (17. e4 $5 dxe4 18. Bxe4 Qd6 (18...
Qf7 $2 19. d5 f5 20. Bc2 cxd5 21. Bb3 Rxe1 22. Rxe1 Rd8 23. Re5 $18) 19. d5 c5
20. Bf3 Bxf3 21. Qxf3 Rxe1 (21... Nd7 22. Qg4 $14) 22. Rxe1 Rd8 23. a4 b6 $11)
17... Bf7 18. Qf4 (18. e4 dxe4 19. Rxe4 (19. Nxe4 Bxa2 20. Nc3 Qf7 21. Ra1 Bc4
22. Bxc4 Qxc4 23. Rxa7 Rcd8 $11) 19... Qd7 $11) 18... Kh8 19. g4 a6 20. h4 c5
21. g5 (21. Re2 b5 22. dxc5 Rxc5 23. Qd4 Qc7 (23... b4 $6 24. Qxb4 Rc4 $5 25.
Qxe7 Rxg4+ 26. Rg2 Rxg2+ 27. Kxg2 Rxe7 28. Bxa6 Rxe3 29. Rd1 $16) 24. Kg2 Nd7
25. Rc1 Qe5 $11 (25... Ne5 $2 26. Nxb5 $18)) 21... b5 22. e4 $6 (22. dxc5 Rxc5
23. Rf2 Nd7 24. g6 Bg8 25. Rd2 Ne5 26. gxh7 Kxh7 27. Be2 $11) 22... cxd4 23.
gxf6 $4 (23. Nxd5 Bxd5 24. exd5 Qc5 25. d6 Rxe1 26. Rxe1 Rd8 27. a3 $44) 23...
gxf6 $17 24. Nxd5 $6 (24. exd5 $142 Qb4 (24... Qxe1 25. Rxe1 Rxe1+ 26. Kf2 dxc3
27. Kxe1 Re8+ 28. Kd1 cxb2 29. Kc2 $16) 25. Rxe8 Rxe8 26. Rf2 Nd7 27. Rg2 Rg8
28. Rxg8+ Bxg8 $17) 24... Bxd5 25. exd5 Qc5 $19 {[%csl Yd4,Rg1][%cal Gf8d7,
Gd7e5]} 26. d6 Nd7 (26... Rxe1 27. Rxe1 Rd8 28. a3 Qxd6 29. Qxd6 Rxd6 30. Kf2
Kg8 31. h5 Kf7 32. h6 Nd7 33. Rg1 (33. Re6 $6 Rxe6 34. fxe6+ Kxe6 35. Bxh7 Kf7
36. Bf5 Ne5 37. b4 $11) 33... Ne5 34. Bb1 Rd7 35. Ba2+ Nc4 $1 $17 (35... Ke7 $2
36. Rg7+ Kd8 37. Bg8 d3 (37... Nd3+ 38. Kg3 $1 Nxb2 39. Bxh7 d3 40. Bg6 d2 41.
Rxd7+ Kxd7 42. Bh5 $18) 38. Rxd7+ Kxd7 39. Ke3 Kd6 40. Bxh7 Ng4+ 41. Kxd3 Nxh6
42. Kd4 $11)) 27. Re6 $5 (27. Rxe8+ $5 Rxe8 28. Rc1 Qd5 29. Kf1 $8 Nc5 $1 (
29... Ne5 30. Be4 Qxd6 31. Rc6 Qb4 32. Rxf6 Nc4 33. Re6 $8 Ne3+ 34. Kg1 Rg8+
35. Rg6 $3 Re8 (35... Qe1+ 36. Kh2 Re8 37. Re6 $132) 36. Re6 $1 $132) 30. Rxc5
(30. Bc2 d3 $19) 30... Qxc5 31. d7 Rd8 32. Qe4 Qe5 33. Qc6 Qf4+ $19) (27. Re7
Ne5 $19) 27... Ne5 $5 (27... Rg8+ 28. Kh2 Ne5 29. Rd1 (29. d7 Qd5 30. Be4 Qxd7
$19) 29... Rg4 30. Qf2 (30. d7 Rxf4 31. Re8+ Rxe8 32. dxe8=Q+ Kg7 33. Rg1+ Rg4
$19) 30... Rxh4+ $1 $19) 28. Rd1 (28. Be4 $5 d3+ 29. Kh1 (29. Qf2 Rg8+ 30. Kh1
Qxf2 31. Rxf2 Rc1+ 32. Kh2 Ng4+ 33. Kg3 Nxf2+ 34. Kxf2 d2 $19) 29... Qd4 30.
Bg2 (30. Bb7 Qxf4 31. Rxf4 Rc1+ (31... Rxe6 32. fxe6 d2 33. Rd4 Rc1+ 34. Kg2
d1=Q 35. Rxd1 Rxd1 36. e7 $18) 32. Kh2 Rb8 33. Bd5 d2 34. Bb3 d1=Q 35. Bxd1
Rxd1 36. Rxf6 Rd2+ $19) 30... Qxf4 31. Rxf4 Rc1+ 32. Rf1 Rec8 33. Re8+ (33. d7
Nxd7 34. Rd6 Ne5 35. Rxf6 d2 36. Rd6 Nc4 37. Rd3 Ne3 $19) 33... Rxe8 34. Rxc1
Rd8 $19) 28... Rg8+ 29. Kf1 (29. Kh2 Rg4 30. Qf2 Rxh4+ $1 $19) 29... Rcf8 $2 (
29... Nxd3 30. Rxd3 Qd5 31. Qe4 (31. Re4 Rc1+ 32. Kf2 Rc2+ 33. Kf1 Qxa2 $19)
31... Qxa2 32. Qxd4 Qb1+ 33. Re1 $8 Rg1+ $1 34. Kxg1 (34. Qxg1 Qxd3+ 35. Kg2
Rc2+ $19) 34... Qxe1+ 35. Kg2 Rc2+ $19) 30. Be4 $2 (30. a3 $1 Rg7 (30... Nxd3
31. Rxd3 Qc2 32. Rd2 Qc1+ 33. Re1 Rg1+ 34. Kxg1 Qxe1+ 35. Kh2 Rg8 36. Rg2 Rxg2+
37. Kxg2 Qe2+ 38. Kg1 Qd1+ $11) (30... Rf7 $5 {[%cal Gf7g7]}) 31. b4 (31. Ke1
Nxd3+ 32. Rxd3 Rg1+ 33. Kf2 Rfg8 $19) (31. h5 Rfg8 $19) 31... Qc3 32. Rxf6 Rxf6
33. Qxe5 Rf8 34. d7 Qc6 35. Be4 Qxd7 36. Rxd4 $17) 30... Qc4+ $19 31. Kf2 d3 $1
32. Rxe5 $8 Qd4+ 33. Kf3 (33. Qe3 Qxb2+ 34. Rd2 Qxe5 $19) 33... fxe5 (33...
Qxb2 34. Rd2 fxe5 35. Qh2 Qa1 $19) 34. Qh6 Qxb2 35. Rd2 Qc1 36. f6 Qf1+ 37. Rf2
Qh3# 0-1